[Event "Oviedo op 8th"]
[Site "Oviedo"]
[Date "2022.07.21"]
[Round "7"]
[White "Florit Florit, Fernando"]
[Black "Uria Oro, Jorge"]
[Result "1-0"]
[WhiteElo "1134"]
[BlackElo "1242"]
[PlyCount "151"]
[EventDate "2022.07.17"]
[EventType "swiss"]
[EventRounds "9"]
[EventCountry "ESP"]
[SourceTitle "CBM 209 Extra"]
[Source "ChessBase"]
[SourceDate "2022.09.30"]
[SourceVersion "1"]
[SourceVersionDate "2022.09.30"]
[SourceQuality "1"]

1. e4 e5 2. Nf3 Nc6 3. c3 Nf6 4. d4 exd4 5. e5 Nd5 6. cxd4 Bb4+ 7. Bd2 Bxd2+ 8. Nbxd2 d6 9. Bb5 Bd7 10. 0-0 0-0 11. Re1 Nxe5 12. Bxd7 Nxf3+ 13. Qxf3 Qxd7 14. Qxd5 c6 15. Qf3 d5 16. a4 Rfe8 17. Rxe8+ Rxe8 18. h3 Qd6 19. Nb3 Qb4 20. Qc3 Qe7 21. a5 Rc8 22. Nc5 h6 23. b4 Kf8 24. Re1 Qc7 25. Re3 Rd8 26. Qe1 Qc8 27. Re7 b6 28. axb6 axb6 29. Nd3 Qf5 30. Qe3 Qf6 31. Rc7 Re8 32. Qf4 Qxf4 33. Nxf4 Re4 34. g3 g5 35. Ng2 Rxd4 36. Rxc6 Rxb4 37. Ne3 d4 38. Nc2 Rb1+ 39. Kg2 d3 40. Ne3 Kg7 41. Rd6 Rb3 42. Nd1 f5 43. Kf1 g4 44. h4 b5 45. Ke1 d2+ 46. Rxd2 Rf3 47. Rb2 Kg6 48. Rxb5 f4 49. gxf4 Rxf4 50. Kf1 g3 51. h5+ Kf6 52. Rb3 gxf2 53. Nxf2 Rf5 54. Rh3 Rg5 55. Ne4+ Kf5 56. Nxg5 Kxg5 57. Kg2 Kg4 58. Rh2 Kf4 59. Rh4+ Kg5 60. Kg3 Kf5 61. Rg4 Ke5 62. Rf4 Ke6 63. Kg4 Ke5 64. Kf3 Ke6 65. Ke4 Ke7 66. Rf5 Ke6 67. Kf4 Ke7 68. Ke5 Ke8 69. Ke6 Kd8 70. Rf7 Ke8 71. Rf6 Kd8 72. Rxh6 Kc7 73. Ke7 Kc8 74. Rc6+ Kb7 75. Kd6 Ka8 76. Kc7 1-0